- Lombardo, Guillén,
Entry Nombre Personal
001 - NUMERO DE CONTROL
- campo de control: 51707
003 - IDENTIFICADOR DE NUMERO DE CONTROL
- campo de control: DLC
005 - FECHA Y HORA DE LA ÜLTIMA TRANSACCIÓN
- campo de control: 20240424161335.0
008 - DATOS DE LONGITUD FIJA
- campo de control de longitud fija: 000207n| azannaabn |a aaa c
010 ## - NÚMERO DE CONTROL DE LA BIBLIOTECA DEL CONGRESO
- Número de control LC: no 00008345
024 7# - OTROS IDENTIFICADORES NORMALIZADOS
- Número normalizado o código: Q2639329
- Fuente: wikidata
024 7# - OTROS IDENTIFICADORES NORMALIZADOS
- Número normalizado o código: 18122923
- Fuente: viaf
024 7# - OTROS IDENTIFICADORES NORMALIZADOS
- Número normalizado o código: 0000000080977735
- Fuente: isni
035 ## - NUMERO DE CONTROL
- Número de control: (OCoLC)oca05149555
040 ## - FUENTE DE CATALOGACIÓN
- Agencia original de catalogación: WU
- Lenguaje de catalogación: spa
- Description conventions: rda
- Agencia de transcripción: WU
- Agencia que lo modifica: DLC
- Agencia que lo modifica: PSt
- Agencia que lo modifica: MX-MxUPN
046 ## - FECHAS CON CODIFICACIÓN ESPECIAL
- Fecha de nacimiento: 1615
- Fecha de muerte: 1659-11-19
- Fuente del formato de fecha: edtf
053 #0 - NÚMERO DE CLASIFICACIÓN LC
- Número de clasificación elemento-número único o número inicial de tramo: PA8547.L46
100 1# - ENCABEZAMIENTO - NOMBRE PERSONAL
- Nombre personal: Lombardo, Guillén,
- Fechas asociadas con el nombre: 1615-1659
370 ## - LUGAR ASOCIADO
- Place of birth: Wexford (Irlanda)
- Place of death: Ciudad de México
- Associated country: Irlanda
400 1# - VEÁSE - NOMBRE DE PERSONA
- Personal name: Lamport, William,
- Dates associated with a name: 1615-1659
400 1# - VEÁSE - NOMBRE DE PERSONA
- Personal name: Lampart, Guillén de,
- Dates associated with a name: 1615-1659
400 1# - VEÁSE - NOMBRE DE PERSONA
- Personal name: De Lampart, Guillén,
- Dates associated with a name: 1615-1659
400 1# - VEÁSE - NOMBRE DE PERSONA
- Personal name: Lampart y Guzmán, Guillén de,
- Dates associated with a name: 1615-1659
670 ## - FUENTE EN LA QUE SE LOCALIZARON DATOS
- Cita de la fuente: La spada e la croce, c1999:
- Información localizada: portada (Guillén Lombardo) solapa (Guillén Lombardo, b. 1615, d. 1659; real name William Lamport, born in Ireland)
670 ## - FUENTE EN LA QUE SE LOCALIZARON DATOS
- Cita de la fuente: Ronan, Gerard. The Irish Zorro, 2004:
- Información localizada: portada (William Lamport) p. 7 (Guillén de Lampart)
670 ## - FUENTE EN LA QUE SE LOCALIZARON DATOS
- Cita de la fuente: Wikipedia, August 2, 2021
- Información localizada: (William Lamport (1611-1659) was an Irish Catholic adventurer, known in Mexico as Don Guillén de Lampart (or Lombardo) y Guzmán. He was tried by the Mexican Inquisition for sedition and executed in 1659. He claimed to be a bastard son of King Philip III of Spain and therefore the half-brother of King Philip IV. William Lamport was born in either 1611 (according to his brother) or 1615 (other sources) in Wexford, Ireland to a family of Catholic merchants)
- Uniform Resource Identifier: https://en.wikipedia.org/wiki/William_Lamport
670 ## - FUENTE EN LA QUE SE LOCALIZARON DATOS
- Cita de la fuente: Wikidata website, August 2, 2021
- Información localizada: (William Lamport; b. 1615 or 1611, Wexford; d. 19 November 1659, Mexico City)
- Uniform Resource Identifier: https://www.wikidata.org/wiki/Q2639329
902 ## - CATALOGADOR
- Catalogador: Víctor Ruiz/240424
